000 00629nmc a2200229 a 4500
003 AR-BaBNM
005 20251128211507.0
008 034120s2004 ||||||||||||||000 | spa||
020 _a987-1004-46-X
040 _cAR-BaBNM
100 1 _aElizalde, Luciano H.
245 1 0 _aEstrategias en las crisis públicas
_bla función de la comunicación
260 _aBuenos Aires
_bLa Crujía
_c2004
300 0 _a173 p.
490 0 _aInclusiones. Herramientas
650 4 _aGESTION
650 4 _aMEDIOS DE COMUNICACION
650 4 _aCRISIS POLITICAS
650 4 _aESTRATEGIAS DE COMUNICACION
942 _cBK
998 _cmaría
999 _c19895
_d19895